| 000 | 00760nam a2200265Ia 4500 | ||
|---|---|---|---|
| 003 | Ost | ||
| 005 | 20260507075155.0 | ||
| 008 | 260507s9999||||xx |||||||||||||| ||und|| | ||
| 020 | _a×122368977 | ||
| 040 | _cfsecg | ||
| 041 | _aara | ||
| 082 | _a330 | ||
| 100 |
_aالصيرفي، محمد _eمؤلف |
||
| 245 | 0 |
_aهندرة الموارد البشرية / _c محمد الصيرفي |
|
| 260 |
_aالاسكندرية: _bمؤسسة حورس الدولية, _c2006 |
||
| 300 | _a386 صفحة؛ | ||
| 490 | _aالمعارف الدولية | ||
| 653 | _aادارة | ||
| 653 | _aةعمل | ||
| 653 | _aسياسة التوظيف | ||
| 653 | _aقوى عاملة | ||
| 653 | _aموارد بشرية | ||
| 653 | _aهندرة | ||
| 942 | _cكتاب | ||
| 999 |
_c43369 _d43369 |
||